[Event "FIDE Women GP Monaco 2019"]
[Site "Monaco"]
[Date "2019.12.13"]
[Round "10.1"]
[White "Dzagnidze, Nana"]
[Black "Zhao, Xue"]
[Result "1/2-1/2"]
[WhiteElo "2520"]
[BlackElo "2485"]
[Annotator "ChessBase"]
[PlyCount "198"]
[EventDate "2019.12.03"]
[EventType "tourn"]
[EventCountry "MNC"]
[SourceTitle "playchess.com"]
[Source "ChessBase"]
[SourceQuality "1"]
[TimeControl "40/5400+30:1800+30"]

1. e4 {[%emt 0:00:00]} Nf6 {[%emt 0:00:43]} 2. e5 {[%emt 0:00:00]} Nd5 {[%emt 0:00:03]} 3. d4 {[%emt 0:00:28]} d6 {[%emt 0:00:05]} 4. c4 {[%emt 0:00:19]} Nb6 {[%emt 0:00:04]} 5. exd6 {[%emt 0:00:19]} exd6 {[%emt 0:00:04]} 6. Nc3 {[%emt 0:00:07]} Be7 {[%emt 0:00:15]} 7. Bd3 {[%emt 0:05:02]} O-O {[%emt 0:01:31]} 8. Nge2 {[%emt 0:01:17]} Nc6 {[%emt 0:01:08]} 9. b3 {[%emt 0:01:15]} Bg4 {[%emt 0:00:08]} 10. Be3 {[%emt 0:13:53]} Bg5 {[%emt 0:11:44]} 11. O-O {[%emt 0:02:51]} Bxe3 {[%emt 0:05:42]} 12. fxe3 {[%emt 0:00:03]} Qe7 {[%emt 0:02:05]} 13. Qd2 {[%emt 0:01:34]} Rae8 {[%emt 0:03:53]} 14. e4 {[%emt 0:06:41]} f5 15. Ng3 {[%emt 0:08:01]} Nxd4 {[%emt 0:14:51]} 16. Rae1 {[%emt 0:00:51]} f4 {[%emt 0:15:02]} 17. Rxf4 {[%emt 0:01:36]} Bd7 {[%emt 0:06:41]} 18. Nd5 {[%emt 0:11:17]} Qd8 {[%emt 0:11:22]} 19. e5 {[%emt 0:15:29]} Nxd5 {[%emt 0:10:22]} 20. Rxd4 {[%emt 0:10:52]} Nb4 {[%emt 0:00:33]} 21. Be4 {[%emt 0:03:27]} Nc6 {[%emt 0:05:01]} 22. Bxc6 {[%emt 0:00:10]} Bxc6 {[%emt 0:00:10]} 23. c5 {[%emt 0:00:09]} d5 {[%emt 0:01:15]} 24. h3 {[%emt 0:08:00]} Re6 {[%emt 0:00:51]} 25. Rg4 {[%emt 0:00:10]} Qe7 {[%emt 0:02:08]} 26. Qd4 {[%emt 0:01:08]} Be8 {[%emt 0:02:01]} 27. Qxd5 {[%emt 0:00:21]} c6 {[%emt 0:00:41]} 28. Qd4 {[%emt 0:01:17]} Bg6 {[%emt 0:00:24]} 29. Kh2 {[%emt 0:00:56]} Rd8 {[%emt 0:01:05]} 30. Qc4 {[%emt 0:01:00]} Rd5 {[%emt 0:01:11]} 31. Rd4 {[%emt 0:00:17]} Qxc5 {[%emt 0:01:14]} 32. Rxd5 {[%emt 0:00:05]} Qxd5 {[%emt 0:00:07]} 33. Qf4 {[%emt 0:00:05]} h6 {[%emt 0:01:21]} 34. Nf5 {[%emt 0:00:44]} Bxf5 {[%emt 0:01:13]} 35. Qxf5 {[%emt 0:00:03]} c5 {[%emt 0:01:08]} 36. h4 {[%emt 0:00:55]} Re8 {[%emt 0:00:31]} 37. Re3 {[%emt 0:02:26]} b5 {[%emt 0:00:42]} 38. Qh5 {[%emt 0:01:05]} Re7 {[%emt 0:00:30]} 39. Qf5 {[%emt 0:00:19]} Re8 {[%emt 0:00:31]} 40. Kh3 {[%emt 0:01:02]} c4 {[%emt 0:00:50]} 41. bxc4 {[%emt 0:33:13]} bxc4 {[%emt 0:30:12]} 42. h5 {[%emt 0:00:00]} Qc5 {[%emt 0:00:00]} 43. Re2 {[%emt 0:00:00]} c3 {[%emt 0:00:00]} 44. Qe4 {[%emt 0:00:00]} a5 {[%emt 0:00:00]} 45. Kg3 {[%emt 0:00:00]} Rc8 {[%emt 0:00:00]} 46. Rc2 {[%emt 0:00:00]} Rd8 {[%emt 0:00:00]} 47. Rf2 {[%emt 0:00:00]} Re8 {[%emt 0:00:55]} 48. Re2 {[%emt 0:00:00]} Qb5 {[%emt 0:00:37]} 49. Kh3 {[%emt 0:02:25]} Rc8 {[%emt 0:01:24]} 50. Qf5 {[%emt 0:01:30]} Qc4 {[%emt 0:01:47]} 51. Rc2 {[%emt 0:00:06]} Re8 {[%emt 0:00:11]} 52. Rf2 {[%emt 0:02:10]} Qd5 {[%emt 0:00:36]} 53. Re2 {[%emt 0:00:20]} Rf8 {[%emt 0:00:46]} 54. Qc2 {[%emt 0:00:44]} Rc8 {[%emt 0:00:28]} 55. Qf5 {[%emt 0:00:47]} Re8 {[%emt 0:00:06]} 56. Kg3 {[%emt 0:00:22]} Qc4 {[%emt 0:01:06]} 57. Qg4 {[%emt 0:00:39]} Qc5 {[%emt 0:00:29]} 58. Qe4 {[%emt 0:00:34]} Rd8 {[%emt 0:00:34]} 59. Rc2 {[%emt 0:00:20]} Rd5 {[%emt 0:00:33]} 60. Re2 {[%emt 0:00:07]} Rd8 {[%emt 0:00:30]} 61. e6 {[%emt 0:00:42]} Qxh5 {[%emt 0:00:31]} 62. e7 {[%emt 0:00:09]} Re8 {[%emt 0:00:03]} 63. Qc4+ {[%emt 0:00:44]} Kh7 {[%emt 0:00:20]} 64. Kf2 {[%emt 0:00:40]} Qf5+ {[%emt 0:00:23]} 65. Kg1 {[%emt 0:00:05]} Qf6 {[%emt 0:01:12]} 66. Qd3+ {[%emt 0:00:25]} Kg8 {[%emt 0:00:14]} 67. Qd5+ {[%emt 0:00:48]} Kh8 {[%emt 0:00:28]} 68. Qd7 {[%emt 0:00:35]} Qg6 {[%emt 0:00:46]} 69. Rf2 {[%emt 0:00:53]} Kh7 {[%emt 0:00:05]} 70. Re2 {[%emt 0:00:34]} c2 {[%emt 0:00:34]} 71. Qc7 {[%emt 0:00:26]} Qd3 {[%emt 0:00:54]} 72. Qxc2 {[%emt 0:00:11]} Qxc2 {[%emt 0:00:08]} 73. Rxc2 {[%emt 0:00:03]} Rxe7 {[%emt 0:00:00]} 74. Rc5 {[%emt 0:00:07]} a4 {[%emt 0:00:18]} 75. Rc4 {[%emt 0:00:03]} a3 {[%emt 0:00:28]} 76. Rc3 {[%emt 0:00:04]} Ra7 {[%emt 0:00:02]} 77. Kh2 {[%emt 0:00:22]} Ra4 {[%emt 0:00:10]} 78. Kh3 {[%emt 0:00:36]} h5 {[%emt 0:00:14]} 79. Rb3 {[%emt 0:01:27]} Kg6 {[%emt 0:00:39]} 80. Rb5 {[%emt 0:00:56]} Kh6 {[%emt 0:00:17]} 81. Kg3 {[%emt 0:01:00]} Rg4+ {[%emt 0:00:43]} 82. Kh3 {[%emt 0:00:25]} Ra4 {[%emt 0:00:40]} 83. Kg3 {[%emt 0:00:03]} g6 {[%emt 0:00:06]} 84. Kh3 {[%emt 0:00:38]} Kg7 {[%emt 0:00:11]} 85. Rb6 {[%emt 0:00:13]} Kh6 {[%emt 0:02:14]} 86. Rb5 {[%emt 0:00:06]} Ra8 {[%emt 0:01:00]} 87. g4 {[%emt 0:00:41]} Rd8 {[%emt 0:00:32]} 88. Rb3 {[%emt 0:00:38]} Ra8 {[%emt 0:00:35]} 89. gxh5 {[%emt 0:00:07]} Kxh5 {[%emt 0:00:03]} 90. Kg3 {[%emt 0:00:14]} Ra5 {[%emt 0:00:06]} 91. Rf3 {[%emt 0:00:28]} Kg5 {[%emt 0:00:19]} 92. Kh3 {[%emt 0:00:20]} Ra4 {[%emt 0:01:07]} 93. Kg3 {[%emt 0:00:17]} Kh5 {[%emt 0:00:08]} 94. Rc3 {[%emt 0:00:26]} Rg4+ {[%emt 0:00:26]} 95. Kh3 {[%emt 0:00:07]} Rh4+ {[%emt 0:00:02]} 96. Kg3 {[%emt 0:00:05]} Rg4+ {[%emt 0:00:07]} 97. Kh3 {[%emt 0:00:06]} Rh4+ {[%emt 0:00:19]} 98. Kg3 {[%emt 0:00:05]} Rg4+ {[%emt 0:00:03]} 99. Kh3 {[%emt 0:00:13]} Rh4+ {[%emt 0:00:06]} 1/2-1/2

[Event "FIDE Women GP Monaco 2019"]
[Site "Monaco"]
[Date "2019.12.13"]
[Round "10.2"]
[White "Harika, Dronavalli"]
[Black "Kosteniuk, Alexandra"]
[Result "0-1"]
[WhiteElo "2518"]
[BlackElo "2483"]
[Annotator "ChessBase"]
[PlyCount "80"]
[EventDate "2019.12.03"]
[EventType "tourn"]
[EventCountry "MNC"]
[SourceTitle "playchess.com"]
[Source "ChessBase"]
[SourceQuality "1"]
[TimeControl "40/5400+30:1800+30"]

1. e4 {[%emt 0:00:00]} e5 {[%emt 0:00:00]} 2. Nf3 {[%emt 0:00:00]} Nc6 {[%emt 0:00:00]} 3. d4 {[%emt 0:00:00]} exd4 {[%emt 0:00:00]} 4. Nxd4 {[%emt 0:00:00]} Nf6 {[%emt 0:00:00]} 5. Nxc6 {[%emt 0:00:00]} bxc6 {[%emt 0:00:00]} 6. Bd3 {[%emt 0:00:06]} d5 {[%emt 0:01:10]} 7. exd5 {[%emt 0:00:36]} cxd5 {[%emt 0:02:42]} 8. O-O {[%emt 0:00:11]} Be7 {[%emt 0:08:42]} 9. c4 {[%emt 0:00:16]} Bb7 {[%emt 0:11:20]} 10. Nc3 {[%emt 0:03:59]} d4 {[%emt 0:04:35]} 11. Ne2 {[%emt 0:07:39]} Qd7 {[%emt 0:00:43]} 12. Ng3 {[%emt 0:04:46]} g6 {[%emt 0:00:16]} 13. Re1 {[%emt 0:12:38]} O-O-O {[%emt 0:05:15]} 14. Bg5 {[%emt 0:03:29]} Rhe8 {[%emt 0:12:31]} 15. a3 {[%emt 0:17:58]} h5 {[%emt 0:03:01]} 16. b4 {[%emt 0:04:59]} Ng4 {[%emt 0:00:37]} 17. Bxe7 {[%emt 0:02:29]} Rxe7 {[%emt 0:00:09]} 18. Rxe7 {[%emt 0:01:56]} Qxe7 {[%emt 0:00:03]} 19. Qe2 {[%emt 0:00:22]} Qxe2 {[%emt 0:19:23]} 20. Nxe2 {[%emt 0:00:16]} Ne5 {[%emt 0:00:37]} 21. Rd1 {[%emt 0:04:21]} c5 {[%emt 0:03:13]} 22. Nc1 {[%emt 0:06:49]} a5 {[%emt 0:02:04]} 23. bxa5 {[%emt 0:07:22]} Ba6 {[%emt 0:00:43]} 24. Bf1 {[%emt 0:00:23]} Kc7 {[%emt 0:04:55]} 25. Nb3 {[%emt 0:00:44]} Kc6 {[%emt 0:01:11]} 26. f4 {[%emt 0:08:19]} Bxc4 {[%emt 0:03:37]} 27. Nxc5 {[%emt 0:02:18]} Kxc5 {[%emt 0:00:05]} 28. fxe5 {[%emt 0:00:02]} d3 {[%emt 0:00:23]} 29. Kf2 {[%emt 0:01:38]} Kd4 {[%emt 0:01:42]} 30. g4 {[%emt 0:05:38]} hxg4 {[%emt 0:00:48]} 31. Bg2 {[%emt 0:00:37]} Kc3 {[%emt 0:01:57]} 32. Rc1+ {[%emt 0:02:13]} Kb2 {[%emt 0:00:21]} 33. Rxc4 {[%emt 0:01:12]} d2 {[%emt 0:00:04]} 34. Rb4+ {[%emt 0:00:06]} Ka2 {[%emt 0:00:13]} 35. a6 {[%emt 0:02:44]} d1=Q {[%emt 0:00:33]} 36. a7 {[%emt 0:00:03]} Qd2+ {[%emt 0:00:46]} 37. Kf1 {[%emt 0:00:09]} Qe3 {[%emt 0:00:54]} 38. Bd5+ {[%emt 0:00:43]} Rxd5 {[%emt 0:00:02]} 39. a8=Q {[%emt 0:00:04]} Rd1+ {[%emt 0:00:07]} 40. Kg2 {[%emt 0:00:04]} Rg1# {[%emt 0:00:04]} 0-1

[Event "FIDE Women GP Monaco 2019"]
[Site "Monaco"]
[Date "2019.12.13"]
[Round "10.3"]
[White "Paehtz, Elisabeth"]
[Black "Lagno, Kateryna"]
[Result "1/2-1/2"]
[WhiteElo "2475"]
[BlackElo "2547"]
[Annotator "ChessBase"]
[PlyCount "43"]
[EventDate "2019.12.03"]
[EventType "tourn"]
[EventCountry "MNC"]
[SourceTitle "playchess.com"]
[Source "ChessBase"]
[SourceQuality "1"]
[TimeControl "40/5400+30:1800+30"]

1. d4 {[%emt 0:00:00]} Nf6 {[%emt 0:00:00]} 2. Nf3 {[%emt 0:00:00]} g6 {[%emt 0:00:00]} 3. Bg5 {[%emt 0:00:00]} Bg7 {[%emt 0:00:13]} 4. Nbd2 {[%emt 0:00:00]} d5 {[%emt 0:00:29]} 5. e3 {[%emt 0:00:00]} c5 {[%emt 0:01:50]} 6. c3 {[%emt 0:00:00]} O-O {[%emt 0:00:50]} 7. Be2 {[%emt 0:00:09]} b6 {[%emt 0:00:53]} 8. O-O {[%emt 0:00:08]} Bb7 {[%emt 0:00:25]} 9. Bh4 {[%emt 0:01:07]} Nbd7 {[%emt 0:02:05]} 10. h3 {[%emt 0:04:50]} h6 {[%emt 0:04:12]} 11. b4 {[%emt 0:02:21]} Ne4 {[%emt 0:11:20]} 12. Nxe4 {[%emt 0:00:16]} dxe4 {[%emt 0:00:04]} 13. Nd2 {[%emt 0:00:04]} cxb4 {[%emt 0:00:49]} 14. cxb4 {[%emt 0:00:33]} g5 {[%emt 0:03:38]} 15. Bg3 {[%emt 0:00:03]} e5 {[%emt 0:00:10]} 16. Nc4 {[%emt 0:16:23]} exd4 {[%emt 0:03:05]} 17. exd4 {[%emt 0:00:04]} f5 {[%emt 0:02:30]} 18. Bd6 {[%emt 0:01:24]} Rf6 {[%emt 0:23:06]} 19. Be5 {[%emt 0:00:04]} Rf8 {[%emt 0:08:12]} 20. Bd6 {[%emt 0:00:28]} Rf6 {[%emt 0:00:05]} 21. Be5 {[%emt 0:00:02]} Rf8 {[%emt 0:00:03]} 22. Bd6 {[%emt 0:00:03]} 1/2-1/2

[Event "FIDE Women GP Monaco 2019"]
[Site "Monaco"]
[Date "2019.12.13"]
[Round "10.4"]
[White "Cramling, Pia"]
[Black "Koneru, Humpy"]
[Result "1/2-1/2"]
[WhiteElo "2461"]
[BlackElo "2574"]
[Annotator "ChessBase"]
[PlyCount "97"]
[EventDate "2019.12.03"]
[EventType "tourn"]
[EventCountry "MNC"]
[SourceTitle "playchess.com"]
[Source "ChessBase"]
[SourceQuality "1"]
[TimeControl "40/5400+30:1800+30"]

1. d4 {[%emt 0:00:00]} Nf6 {[%emt 0:00:00]} 2. Nf3 {[%emt 0:00:17]} e6 {[%emt 0:00:04]} 3. c4 {[%emt 0:00:14]} Bb4+ {[%emt 0:00:32]} 4. Nbd2 {[%emt 0:00:19]} O-O {[%emt 0:00:25]} 5. a3 {[%emt 0:00:19]} Be7 {[%emt 0:00:25]} 6. e4 {[%emt 0:00:24]} d6 {[%emt 0:00:21]} 7. Be2 {[%emt 0:00:53]} Nfd7 {[%emt 0:02:29]} 8. b4 {[%emt 0:04:38]} e5 {[%emt 0:04:20]} 9. d5 {[%emt 0:01:52]} c6 {[%emt 0:06:45]} 10. O-O {[%emt 0:09:19]} cxd5 {[%emt 0:07:11]} 11. cxd5 {[%emt 0:00:19]} Nb6 {[%emt 0:00:51]} 12. Nb3 {[%emt 0:16:06]} f5 {[%emt 0:02:37]} 13. Na5 {[%emt 0:08:53]} fxe4 {[%emt 0:16:01]} 14. Nd2 {[%emt 0:02:29]} Bf5 {[%emt 0:11:29]} 15. Nxb7 {[%emt 0:02:58]} Qc8 {[%emt 0:05:04]} 16. Na5 {[%emt 0:00:13]} Nxd5 {[%emt 0:02:37]} 17. Bc4 {[%emt 0:03:05]} Be6 {[%emt 0:00:16]} 18. Qb3 {[%emt 0:07:15]} Nc7 {[%emt 0:01:02]} 19. Bxe6+ {[%emt 0:01:16]} Qxe6 {[%emt 0:00:11]} 20. Qxe6+ {[%emt 0:01:46]} Nxe6 {[%emt 0:00:02]} 21. Nxe4 {[%emt 0:00:18]} d5 {[%emt 0:07:07]} 22. Nc3 {[%emt 0:00:51]} d4 {[%emt 0:02:44]} 23. Ne4 {[%emt 0:01:11]} Rc8 {[%emt 0:01:11]} 24. Bd2 {[%emt 0:01:15]} Nc6 {[%emt 0:02:00]} 25. Nxc6 {[%emt 0:02:22]} Rxc6 {[%emt 0:00:06]} 26. Rfc1 {[%emt 0:00:08]} Rac8 {[%emt 0:01:39]} 27. Rxc6 {[%emt 0:02:43]} Rxc6 {[%emt 0:00:27]} 28. Rc1 {[%emt 0:00:06]} Ra6 {[%emt 0:02:08]} 29. Ra1 {[%emt 0:05:09]} Ra4 {[%emt 0:04:36]} 30. f3 {[%emt 0:00:16]} Kf7 {[%emt 0:02:59]} 31. Nf2 {[%emt 0:07:39]} Nc7 {[%emt 0:07:57]} 32. Nd3 {[%emt 0:00:12]} Ke6 {[%emt 0:04:16]} 33. Kf1 {[%emt 0:08:46]} Bd6 {[%emt 0:03:07]} 34. Nb2 {[%emt 0:00:51]} Ra6 {[%emt 0:00:01]} 35. Ke2 {[%emt 0:02:43]} Nd5 {[%emt 0:01:32]} 36. Nd3 {[%emt 0:02:03]} Nf6 {[%emt 0:00:27]} 37. a4 {[%emt 0:01:14]} Rc6 {[%emt 0:01:37]} 38. b5 {[%emt 0:02:54]} Rc2 {[%emt 0:00:02]} 39. Ne1 {[%emt 0:00:52]} Rc4 {[%emt 0:01:52]} 40. a5 {[%emt 0:03:49]} e4 {[%emt 0:00:03]} 41. fxe4 {[%emt 0:30:41]} Nxe4 {[%emt 0:30:19]} 42. Nf3 {[%emt 0:00:00]} Kd5 {[%emt 0:00:00]} 43. b6 {[%emt 0:00:00]} axb6 {[%emt 0:00:00]} 44. axb6 {[%emt 0:00:00]} Nxd2 {[%emt 0:00:00]} 45. Nxd2 {[%emt 0:00:00]} Rb4 {[%emt 0:00:00]} 46. Ra5+ {[%emt 0:00:00]} Kc6 {[%emt 0:00:00]} 47. Kd3 {[%emt 0:00:00]} Rxb6 {[%emt 0:00:00]} 48. Rh5 {[%emt 0:00:00]} Rb2 {[%emt 0:00:00]} 49. Ke4 1/2-1/2

[Event "FIDE Women GP Monaco 2019"]
[Site "Monaco"]
[Date "2019.12.13"]
[Round "10.5"]
[White "Goryachkina, Aleksandra"]
[Black "Muzychuk, Anna"]
[Result "1/2-1/2"]
[WhiteElo "2572"]
[BlackElo "2537"]
[Annotator "ChessBase"]
[PlyCount "68"]
[EventDate "2019.12.03"]
[EventType "tourn"]
[EventCountry "MNC"]
[SourceTitle "playchess.com"]
[Source "ChessBase"]
[SourceQuality "1"]
[TimeControl "40/5400+30:1800+30"]

1. d4 {[%emt 0:00:00]} Nf6 {[%emt 0:00:00]} 2. c4 {[%emt 0:00:00]} g6 {[%emt 0:00:00]} 3. Nc3 {[%emt 0:00:14]} d5 {[%emt 0:00:00]} 4. Nf3 {[%emt 0:00:21]} Bg7 {[%emt 0:00:06]} 5. cxd5 {[%emt 0:00:17]} Nxd5 {[%emt 0:00:10]} 6. e4 {[%emt 0:00:13]} Nxc3 {[%emt 0:00:27]} 7. bxc3 {[%emt 0:00:09]} c5 {[%emt 0:00:30]} 8. h3 {[%emt 0:00:43]} O-O {[%emt 0:00:38]} 9. Be3 {[%emt 0:00:48]} e6 {[%emt 0:01:28]} 10. Be2 {[%emt 0:05:34]} b6 {[%emt 0:00:50]} 11. h4 {[%emt 0:05:35]} Bb7 {[%emt 0:12:34]} 12. e5 {[%emt 0:01:00]} cxd4 {[%emt 0:11:59]} 13. cxd4 {[%emt 0:00:35]} Nc6 {[%emt 0:00:30]} 14. h5 {[%emt 0:02:21]} Qd5 {[%emt 0:01:29]} 15. hxg6 {[%emt 0:08:20]} hxg6 {[%emt 0:01:35]} 16. Rc1 {[%emt 0:04:51]} Rad8 {[%emt 0:09:09]} 17. Bc4 {[%emt 0:13:07]} Qa5+ {[%emt 0:01:59]} 18. Kf1 {[%emt 0:01:02]} Nxe5 {[%emt 0:21:58]} 19. Nxe5 {[%emt 0:07:07]} Bxe5 20. Bd2 Rxd4 {[%emt 0:01:53]} 21. Bxa5 {[%emt 0:00:55]} Rxd1+ {[%emt 0:00:05]} 22. Rxd1 {[%emt 0:00:04]} bxa5 {[%emt 0:00:16]} 23. Rh3 {[%emt 0:04:18]} Rc8 {[%emt 0:01:59]} 24. Bb3 {[%emt 0:01:22]} Bc6 {[%emt 0:07:27]} 25. Re3 {[%emt 0:04:24]} Bb5+ {[%emt 0:00:19]} 26. Kg1 {[%emt 0:00:11]} Rc5 {[%emt 0:00:27]} 27. a4 {[%emt 0:07:12]} Bc6 {[%emt 0:01:47]} 28. Re2 {[%emt 0:03:14]} Kf8 {[%emt 0:02:50]} 29. Rc2 {[%emt 0:00:56]} Rxc2 {[%emt 0:00:14]} 30. Bxc2 {[%emt 0:00:01]} Ke7 {[%emt 0:00:57]} 31. Bb3 {[%emt 0:00:12]} Bc7 {[%emt 0:03:10]} 32. Rc1 {[%emt 0:01:22]} Kd7 {[%emt 0:00:38]} 33. Rxc6 {[%emt 0:00:48]} Kxc6 {[%emt 0:00:06]} 34. Bc4 {[%emt 0:00:30]} Kc5 {[%emt 0:03:15]} 1/2-1/2

[Event "FIDE Women GP Monaco 2019"]
[Site "Monaco"]
[Date "2019.12.13"]
[Round "10.6"]
[White "Gunina, Valentina"]
[Black "Muzychuk, Mariya"]
[Result "1/2-1/2"]
[WhiteElo "2492"]
[BlackElo "2559"]
[Annotator "ChessBase"]
[PlyCount "97"]
[EventDate "2019.12.03"]
[EventType "tourn"]
[EventCountry "MNC"]
[SourceTitle "playchess.com"]
[Source "ChessBase"]
[SourceQuality "1"]
[TimeControl "40/5400+30:1800+30"]

1. d4 {[%emt 0:00:00]} Nf6 {[%emt 0:00:00]} 2. c4 {[%emt 0:00:00]} e6 {[%emt 0:00:03]} 3. Nf3 {[%emt 0:00:00]} d5 {[%emt 0:00:29]} 4. Nc3 {[%emt 0:00:14]} c6 {[%emt 0:00:22]} 5. Bg5 {[%emt 0:00:27]} h6 {[%emt 0:00:18]} 6. Bxf6 {[%emt 0:00:10]} Qxf6 {[%emt 0:00:04]} 7. e3 {[%emt 0:00:04]} g6 {[%emt 0:02:03]} 8. Ne5 {[%emt 0:01:12]} Bg7 {[%emt 0:01:05]} 9. f4 {[%emt 0:01:22]} O-O {[%emt 0:03:21]} 10. cxd5 {[%emt 0:05:53]} exd5 {[%emt 0:02:07]} 11. Bd3 {[%emt 0:00:06]} c5 {[%emt 0:24:05]} 12. O-O {[%emt 0:09:15]} Nc6 {[%emt 0:08:05]} 13. Nxd5 {[%emt 0:01:46]} Qd6 {[%emt 0:02:29]} 14. e4 {[%emt 0:08:19]} Nxd4 {[%emt 0:04:37]} 15. Nc4 {[%emt 0:00:15]} Qd8 {[%emt 0:00:49]} 16. Nce3 {[%emt 0:15:13]} Be6 {[%emt 0:08:22]} 17. Rc1 {[%emt 0:03:58]} Rc8 {[%emt 0:00:31]} 18. Qa4 {[%emt 0:01:14]} f5 {[%emt 0:10:08]} 19. Kh1 {[%emt 0:02:24]} a5 {[%emt 0:02:19]} 20. Qa3 {[%emt 0:06:34]} b6 {[%emt 0:00:30]} 21. exf5 {[%emt 0:07:34]} gxf5 {[%emt 0:01:25]} 22. Nc3 {[%emt 0:00:12]} Kh8 {[%emt 0:00:40]} 23. Qa4 {[%emt 0:04:22]} Qe7 {[%emt 0:04:19]} 24. Qd1 {[%emt 0:07:33]} Qf7 {[%emt 0:00:30]} 25. b3 {[%emt 0:05:57]} Rcd8 {[%emt 0:03:16]} 26. Rf2 {[%emt 0:00:32]} Rfe8 {[%emt 0:04:20]} 27. Nf1 {[%emt 0:03:56]} a4 {[%emt 0:04:35]} 28. Nxa4 Nxb3 {[%emt 0:00:08]} 29. axb3 {[%emt 0:08:43]} Bxb3 {[%emt 0:00:03]} 30. Qf3 {[%emt 0:00:02]} Bxa4 {[%emt 0:00:11]} 31. Ng3 {[%emt 0:00:06]} Bd7 {[%emt 0:00:26]} 32. Qb7 {[%emt 0:01:43]} Bd4 {[%emt 0:02:18]} 33. Re2 {[%emt 0:00:25]} Be3 {[%emt 0:04:46]} 34. Rce1 {[%emt 0:03:07]} Bxf4 {[%emt 0:00:39]} 35. Qxb6 {[%emt 0:01:42]} Bxg3 {[%emt 0:06:25]} 36. Qxh6+ {[%emt 0:00:45]} Qh7 {[%emt 0:00:15]} 37. Rxe8+ {[%emt 0:01:05]} Rxe8 {[%emt 0:00:05]} 38. Rxe8+ {[%emt 0:00:05]} Bxe8 {[%emt 0:00:04]} 39. Qf8+ {[%emt 0:01:39]} Qg8 {[%emt 0:00:04]} 40. Qh6+ {[%emt 0:00:50]} Qh7 {[%emt 0:00:04]} 41. Qf8+ {[%emt 0:08:28]} Qg8 {[%emt 0:00:06]} 42. Qxc5 {[%emt 0:03:50]} Bb8 {[%emt 0:08:08]} 43. Qd4+ {[%emt 0:03:34]} Qg7 {[%emt 0:01:13]} 44. Qh4+ {[%emt 0:06:05]} Kg8 {[%emt 0:01:23]} 45. Qc4+ {[%emt 0:00:32]} Qf7 {[%emt 0:04:06]} 46. Qxf7+ {[%emt 0:06:50]} Kxf7 {[%emt 0:00:06]} 47. Bxf5 {[%emt 0:00:05]} Bc6 {[%emt 0:00:03]} 48. Bg4 {[%emt 0:00:08]} Kf6 {[%emt 0:00:05]} 49. Bf3 {[%emt 0:00:05]} 1/2-1/2

[Event "FIDE Women GP Monaco 2019"]
[Site "Monaco"]
[Date "2019.12.14"]
[Round "11.2"]
[White "Muzychuk, Anna"]
[Black "Gunina, Valentina"]
[Result "1/2-1/2"]
[WhiteElo "2537"]
[BlackElo "2492"]
[Annotator "TA"]
[PlyCount "65"]
[EventDate "2019.12.03"]
[EventType "tourn"]
[EventCountry "MNC"]
[SourceTitle "playchess.com"]
[Source "ChessBase"]
[SourceQuality "1"]

{[%evp 12,65,29,13,13,-34,35,33,33,32,21,16,18,19,31,18,27,28,42,27,31,31,21,27,32,24,32,0,5,6,14,12,22,30,29,39,41,0,0,0,0,0,0,0,29,19,54,0,0,0,54,0,0,0,49,0]} 1. e4 e5 2. Nf3 Nc6 3. Bb5 Nf6 4. O-O Nxe4 5. Re1 Nd6 6. Nxe5 Nxe5 7. Rxe5+ Be7 {C67: Ruy Lopez: Berlin Defence: 4 0-0 Nxe4} 8. d4 (8. Bf1 O-O 9. d4 Bf6 10. Re1 Nf5 11. d5 d6 12. Nd2 Nh4 13. Ne4 Bf5 14. Ng3 Bg6 15. c3 Re8 16. Be3 Bg5 17. Bxg5 Qxg5 18. Qd4 a5 19. f4 {½-½ (19) Wang,H (2709)-Fedoseev,V (2718) Riadh 2017}) 8... O-O (8... Nxb5 $15 9. Rxb5 O-O) 9. Bd3 $14 Ne8 10. d5 $146 ({Predecessor:} 10. Nc3 d6 11. Re1 c6 12. Bf4 Nf6 13. Ne4 Nxe4 14. Bxe4 d5 15. Bd3 {½-½ (33) Sevdimaliyev,U (2300)-Gurin,A (2294) Donskoj 2012}) 10... d6 11. Re1 Nf6 12. c4 Ng4 13. Be2 Nf6 14. Nc3 {[%cal Bb1c3,Bc3b5,Bb5d4][%mdl 32]} Bf5 15. Nb5 Qd7 16. Nd4 Bg6 17. Bd3 Rae8 18. Bxg6 hxg6 19. f3 Nh5 20. Be3 Bh4 21. g3 Nxg3 22. hxg3 Bxg3 23. Re2 Qh3 {[#] Threatens to win with ...Rxe3!} 24. Qd2 Re5 {Hoping for ...Rh5.} 25. Rg2 {Ne2 is the strong threat.} ({Reject} 25. Bg5 Rfe8 $17) 25... Rfe8 (25... Rh5 $5 26. Kf1 $8 Re8 $11) 26. Bf2 $1 {[%cal Rf2g3]} ({Don't play} 26. Ne2 Bh4 $17) 26... Rh5 {[%csl Gh5][%cal Rh3h1]} 27. Kf1 Bh4 {[#] Strongly threatening ...Rg5.} 28. Qf4 Qh1+ 29. Rg1 Qh3+ 30. Rg2 Qh1+ 31. Rg1 Qh3+ 32. Rg2 Qh1+ 33. Rg1 {Accuracy: White = 61%, Black = 55%.} 1/2-1/2